Entry Nombre personal
001 - NÚMERO DE CONTROL
- campo de control: 18165
003 - IDENTIFICADOR DE NÚMERO DE CONTROL
- campo de control: SpMaBN
005 - FECHA Y HORA DE LA ÚLTIMA TRANSACCIÓN
- campo de control: 20230618182533.0
008 - ELEMENTOS DE DATO DE LONGITUD-FIJA
- campo de control de longitud fija: 921110n| aijnnaabn |a aaa
016 ## - NÚMERO DE CONTROL DE UNA AGENCIA BIBLIOGRÁFICA NACIONAL
- Número de control del registro: BNE19925919497
024 7# - IDENTIFICADOR DE OTROS ESTÁNDARES
- Número estándar o código: http://viaf.org/viaf/54160403/
- Fuente: viaf
024 8# - IDENTIFICADOR DE OTROS ESTÁNDARES
- Número estándar o código: https://data.cervantesvirtual.com/person/10229
024 7# - IDENTIFICADOR DE OTROS ESTÁNDARES
- Número estándar o código: https://isni.org/isni/000000011644793X
- Fuente: isni
024 7# - IDENTIFICADOR DE OTROS ESTÁNDARES
- Número estándar o código: http://www.wikidata.org/entity/Q5561048
- Fuente: wikidata
040 ## - FUENTE DE CATALOGACIÓN
- Centro catalogador/agencia de origen: SpMaBN
- Lengua de catalogación: spa
- Centro/agencia transcriptor: SpMaBN
- Normas de descripción: rdc
- Convención/Normas de encabezamiento de materia/tesauro: embne
- Centro/agencia modificador: ES-MaACL
046 ## - FECHAS CON CODIFICACIÓN ESPECIAL
- Fecha de nacimiento: 1905
- Fecha de la muerte: 1989
100 1# - ENCABEZAMIENTO-NOMBRE DE PERSONA
- Nombre de persona: Abril, Xavier,
- Fechas asociadas al nombre: 1905-1989
370 ## - LUGAR ASOCIADO
- Lugar de nacimiento: Lima
- Fuente de información: Wikidata
374 ## - OCUPACIÓN
- Ocupación: Poetas
- Ocupación: Periodistas
- Ocupación: Escritores
- Fuente de información: Wikidata
375 ## - GÉNERO/SEXO
- Género: Masculino
377 ## - IDIOMA ASOCIADO
- Término de lengua/lenguaje: Español
400 1# - TRAZADO DE VÉASE--NOMBRE DE PERSONA
- Nombre de persona: Abril de Vivero, Xavier,
- Fechas asociadas al nombre: 1905-1989
670 ## - FUENTE DE DATOS ENCONTRADOS
- Cita de la fuente: Declaración en nuestros días, 1988;
- Información encontrada: p. 8 (Xavier Abril n. en ... Lima, en 1905)
670 ## - FUENTE DE DATOS ENCONTRADOS
- Cita de la fuente: CDMARC names, 1992;
- Información encontrada: (Abril, Xavier, 1903-)
670 ## - FUENTE DE DATOS ENCONTRADOS
- Cita de la fuente: Dicc. de lit. esp. e hispanoam., 1993;
- Información encontrada: p.4 (Xavier Abril; n. 1905, Lima, m. 1989, Buenos Aires)
670 ## - FUENTE DE DATOS ENCONTRADOS
- Cita de la fuente: WWW Bn España aut., 28-6-2023;
- Información encontrada: (Abril, Xavier, 1905-1989)
955 ## - CATALOGADOR - EDICIÓN
- Nombre del catalogador: Julia Mas Vieira
